00507nam a2200157 a 45000010005000000030009000050080041000140400028000550820017000831000034001002450114001342600045002483000015002936500026003086500015003342448CO-ViMGA141112s2004 ck r 000 u spa d aCO-ViMGAbspacCO-ViMGA04a617.643 E7641 aEspinosa de la Sierra, Raúl10aDiagnóstico práctico de oclusión : bpara la enseñanza, el cirujano dentista general, el ortodoncista aMexico : bMedica PanAméricana, c1995 a279 p : il14aOCLUSION - ORTODONCIA14aORTODONCIA